Birds of the US - Auks - Statistics

General Stats
  • This quiz has been taken 18 times
  • The average score is 14 of 21
Answer Stats
Species Common Name % Correct
Fratercula arctica Atlantic Puffin
100%
Uria aalge Common Murre
100%
Fratercula corniculata Horned Puffin
100%
Fratercula cirrhata Tufted Puffin
92%
Alle alle Dovekie
85%
Cepphus columba Pigeon Guillemot
85%
Cepphus grylle Black Guillemot
77%
Alca torda Razorbill
77%
Cerorhinca monocerata Rhinoceros Puffin
77%
Synthliboramphus antiquus Ancient Murrelet
69%
Brachyramphus marmoratus Marbled Murrelet
62%
Aethia psittacula Parakeet Auklet
62%
Uria lomvia Thick-billed Murre
62%
Synthliboramphus craveri Craveri's Murrelet
54%
Ptychoramphus aleuticus Cassin's Auklet
46%
Aethia pusilla Least Auklet
46%
Synthliboramphus scrippsi Scripps's Murrelet
46%
Aethia cristatella Crested Auklet
38%
Brachyramphus brevirostris Kittlitz's Murrelet
38%
Aethia pygmaea Whiskered Auklet
38%
Synthliboramphus hypoleucus Guadalupe Murrelet
15%
No matching quizzes found
Score Distribution
Percent of People with Each Score
Percentile by Number Answered
Your Score History
You have not taken this quiz